| 000 | 01491nam0a2200337 4500 | ||
|---|---|---|---|
| 001 | RU\NLR\BIBL_A\022573750 | ||
| 005 | 20260403135931.0 | ||
| 010 | _a978-5-0055-2293-1 | ||
| 021 |
_aRU _bКН-П-25-026543 _9КН-П-25-2642 |
||
| 035 | _a(NLR Aleph) 022573750 | ||
| 090 |
_a13649577 _c13649577 |
||
| 100 | _a20250625d2025 m y0rusy50 ca | ||
| 101 | 0 | _arus | |
| 102 | _aRU | ||
| 105 | _aa z 000ay | ||
| 181 | 0 |
_ai _bxxxe |
|
| 182 | 0 | _an | |
| 200 | 1 |
_aДело о секте скопцов _eисторический детектив написан на основании архивных записок действительного статского советника по полицейской части Тулина Евграфа Михайловича _eроман [в 2 частях] _fГеоргий и Ольга Арси |
|
| 203 |
_aТекст _bвизуальный _cнепосредственный |
||
| 210 |
_a[Б. м.] _cИздательские решения _d2025 |
||
| 215 |
_a537 c. _d21 |
||
| 327 | 1 | _aСодерж.: Ч. 1. Преступление ; Ч. 2. Наказание | |
| 333 | _a18+ | ||
| 686 | 2 | _aШ6(2=Р)8-446 | |
| 700 | 1 |
_7ca _8rus _aАрси _bГ. _gГеоргий _92703577 _3RU\NLR\AUTH\770291899 |
|
| 701 | 1 |
_aАрси _bО. _gОльга |
|
| 942 | _cBOOK | ||
| 980 | _aNB | ||